000 02748ncm0a2200469 4500
001 RU\NLR\ONIZ\298819
005 20250625090121.0
013 _a979-0-9003367-7-4
021 _aRU
_b2023-000008
_92023-НО-П-1
035 _a(NLR Aleph) 022017852
090 _a12503178
_c12503178
100 _a20230831d2022 |||y0rusy50 ca
101 0 _arus
102 _aRU
125 _aa|
128 _asol
145 0 _au
200 1 _aПриношение учителю
_bНоты
_eмузыкальные диктанты
_eучебное пособие по сольфеджио для музыкальных организаций среднего профессионального и высшего образования
_fС. А. Пищальников, П. П. Морозов, М. В. Сиксимова
203 _aМузыка
_bзнаковая
_bвизуальная
_cнепосредственная
210 _aВолгоград
_cИзд-во ИП Никулина М. Г.
_d2022
215 _a148 с.
_cил., фото
_d29 см
300 _aПредисл.: с. 4-10.
300 _aКрат. биогр. справка: с. 146-147.
313 _aСистематизация документа проведена по изданию - Методика классифицирования музыкальных произведений (нотных изданий) по таблицам Библиотечно-библиографических классификаций : метод. рекомендации / Гос. б-ка СССР им. В.И. Ленина.- М., 1977. Индексу ББК методических рекомендаций присваивается код ББК для научных библиотек - LBC/SL
606 1 _aСольфеджио для вузов
_jНоты
_2nlr_sh
606 1 _aМузыкальные диктанты
_jНоты
_2nlr_sh
686 0 _aЩ907.12(2Р)
700 1 _9z08790
_aПищальников
_bС. А.
_f1922-2006
_gСергей Алексеевич
_4070
_7ca
701 1 _9z09790
_aМорозов
_bП. П.
_f1958-
_gПавел Павлович
_4070
701 1 _9z10790
_aСиксимова
_bМ. В.
_gМарина Васильевна
_4070
_7ca
790 1 _9z08700
_aPiščal`nikov
_bS. A.
_f1922-2006
_gSergej Alekseevič
_4070
_7ba
790 1 _9z09701
_aMorozov
_bP. P.
_f1958-
_gPavel Pavlovič
_4070
_7ba
790 1 _9z10701
_aSiksimova
_bM. V.
_gMarina Vasil`evna
_4070
_7ba
801 0 _aRU
_bNLR
_c20230831
_gPSBO
801 1 _aRU
_bNLR
_c20230831
_2rusmarc
801 2 _aRU
_bNLR
_c20230903
852 _aNLR
_bМ
_jК-3/31702
_pМОЭ 46779
_t1
852 _aNLR
_bМ
_jК-3/31702а
_pМОЭ 46780
_t2
942 _cSCORE
980 _aNB
980 _aONIZ